Restrictive Covenants and Freehold Land (Record no. 115736)
[ view plain ]
| 000 -LEADER | |
|---|---|
| fixed length control field | 01088cam a22002415a 4500 |
| 001 - CONTROL NUMBER | |
| control field | L159197 |
| 008 - FIXED-LENGTH DATA ELEMENTS--GENERAL INFORMATION | |
| fixed length control field | 160316s2013 xxk f 000 0 eng d |
| 020 ## - INTERNATIONAL STANDARD BOOK NUMBER | |
| International Standard Book Number | 9781846615054 |
| 035 ## - SYSTEM CONTROL NUMBER | |
| System control number | (Sirsi) u159197 |
| 041 0# - LANGUAGE CODE | |
| Language code of text/sound track or separate title | eng |
| 050 04 - LIBRARY OF CONGRESS CALL NUMBER | |
| Classification number | 333.3234 18 |
| 100 1# - MAIN ENTRY--PERSONAL NAME | |
| Personal name | Francis, Andrew |
| 245 00 - TITLE STATEMENT | |
| Title | Restrictive Covenants and Freehold Land |
| 250 ## - EDITION STATEMENT | |
| Edition statement | 4th edition |
| 260 ## - PUBLICATION, DISTRIBUTION, ETC. | |
| Place of publication, distribution, etc. | Bristol |
| Name of publisher, distributor, etc. | Jordan Publishing Limited |
| Date of publication, distribution, etc. | 2013 |
| 300 ## - PHYSICAL DESCRIPTION | |
| Extent | xxix, 702p, 25cm |
| 520 ## - SUMMARY, ETC. | |
| Summary, etc. | Essential for a practitioner requiring an understanding of the law of restrictive covenants affecting freehold land. Considers all the key areas of law and practice affecting restrictive covenants and with more detailed treatment of major issues including, recent legislation, case law on injunctions as the primary remedy for breach of covenant and appendices with statutory and other material and precedents. This practical text is complemented by flowcharts and checklists. |
| 590 ## - LOCAL NOTE (RLIN) | |
| Local note | KA |
| 651 #4 - SUBJECT ADDED ENTRY--GEOGRAPHIC NAME | |
| Geographic name | ENGLAND AND WALES |
| 690 ## - LOCAL SUBJECT ADDED ENTRY--TOPICAL TERM (OCLC, RLIN) | |
| Topical term or geographic name as entry element | Planning and development |
| 9 (RLIN) | 6259 |
| 690 ## - LOCAL SUBJECT ADDED ENTRY--TOPICAL TERM (OCLC, RLIN) | |
| Topical term or geographic name as entry element | Land use |
| 9 (RLIN) | 6251 |
| 942 ## - ADDED ENTRY ELEMENTS (KOHA) | |
| Suppress in OPAC | 0 |
| Withdrawn status | Lost status | Source of classification or shelving scheme | Damaged status | Not for loan | Home library | Current library | Shelving location | Date acquired | Total Checkouts | Full call number | Barcode | Date last seen | Copy number | Price effective from | Koha item type |
|---|---|---|---|---|---|---|---|---|---|---|---|---|---|---|---|
| Dewey Decimal Classification | London | London | Books | 16/03/2016 | 333.3234 | 30075268 | 06/08/2019 | 1 | 06/08/2019 | Book |